00433 2200169 4500001002100000008004100021035002000062245005100082100002300133260002100156300002100177020001800198084001600216082001000232650001100242990001000253INLIS000000000002335 ind  a0010-0817002335 abincang-bincang praktis dan sederhana mandarin araja,cokorda paksi ayogyakartac2007 civ;104 hlm;19 cm a979-6610-93-0 a495.1 RAJ b a495.1 aBAHASA a41203